|
|
|
|
| LEADER |
02314nkm a2200409 a 4500 |
| 001 |
mzk03001066060 |
| 003 |
CZ BrMZK |
| 005 |
20160623135345.0 |
| 007 |
kj bo| |
| 008 |
080926q18011840xx ||| f || k|freod |
| 034 |
0 |
|
|a a
|d E0113949
|e E0115056
|f N0482512
|g N0482124
|
| 040 |
|
|
|a BOA001
|b cze
|
| 043 |
|
|
|a e-gx---
|
| 072 |
|
7 |
|a 72
|x Architektura
|2 Konspekt
|9 21
|
| 072 |
|
7 |
|a 76
|x Grafické umění. Grafika
|2 Konspekt
|9 21
|
| 080 |
|
|
|a (084.1)
|2 MRF
|
| 080 |
|
|
|a (430.129)
|2 MRF
|
| 080 |
|
|
|a 725.95
|2 MRF
|
| 100 |
1 |
|
|a Wiebeking, Carl Friedrich von,
|d 1762-1842
|7 ola2008460113
|4 aut
|
| 245 |
1 |
0 |
|a [Planches à servir pour l'ouorage de Mr. Wiebeking, qui contient und partie de la science construire les ponts]
|h [grafika].
|n 104, 105,
|p Elévation, Profils, Plan et Coupe horizontal du Pont Louis sur l'Isar en Bavière près Freisingen, de deux archies chaq'une de CLIX pieds d'ouverture. Ce pont à été exécuté en 1807/8 suivant le plan et sous la Direction de Mr. Wiebeking Conseiller intime et Directeur général des ponts et chausées
|
| 246 |
3 |
0 |
|a Elévation, Profils, Plan et Coupe horizontal du Pont Louis sur l'Isar en Bavière près Freisingen, de deux archies chaq'une de CLIX pieds d'ouverture. Ce pont à été exécuté en 1807/8 suivant le plan et sous la Direction de Mr. Wiebeking Conseiller intime et Directeur général des ponts et chausées
|h [grafika]
|
| 255 |
|
|
|a Měřítko neuvedeno
|c (011°39´49" v.d.--011°50´56" v.d./048°25´12" s.š.--048°21´24" s.š.)
|
| 260 |
|
|
|a [S.l. :
|b s.n.,
|c mezi 1801 a 1840]
|
| 300 |
|
|
|a 1 list :
|b mědirytina ;
|c 53,6 x 91 cm na listu 67 x 99,3 cm
|
| 500 |
|
|
|a A. IV. 13693 Construction des ponts Muric. 1810 4° 1 tom.
|
| 500 |
|
|
|a Pohledy do krajiny se zobrazením mostů, mostní konstrukce
|
| 500 |
|
|
|a Součást souboru 27 pohledů, plánů a nákresů Karla Friedricha von Wiebeking
|
| 590 |
|
|
|a Potrhané okraje
|
| 650 |
0 |
7 |
|a mosty
|7 ph115357
|2 czenas
|
| 651 |
|
7 |
|a Bavorsko (Německo)
|7 ge128725
|2 czenas
|
| 655 |
|
7 |
|a veduty
|7 fd133805
|2 czenas
|
| 856 |
4 |
1 |
|u http://www.digitalniknihovna.cz/mzk/view/uuid:ec680ce4-9473-45c5-8e53-f4930fa685fb
|y Digitalizovaný dokument (klikněte pro zobrazení)
|
| 910 |
|
|
|a BOA001
|b Skř.1P-1211.402,20
|
| 978 |
|
|
|b S.n.
|a s.l.
|c 1801-1840
|
| 985 |
|
|
|a 1801-1850
|
| 990 |
|
|
|a GP
|
| 991 |
|
|
|k mzk
|